Our environment (Record no. 41825)

MARC details
000 -LEADER
fixed length control field 00291nam a2200121Ia 4500
082 ## - DEWEY DECIMAL CLASSIFICATION NUMBER
Classification number 504
Item number FUT
100 ## - MAIN ENTRY--AUTHOR NAME
Personal name Futehally, Laeeq
245 #0 - TITLE STATEMENT
Title Our environment
250 ## - EDITION STATEMENT
Edition statement Ed.3
260 ## - PUBLICATION, DISTRIBUTION, ETC. (IMPRINT)
Place of publication New Delhi
Name of publisher National Book Trust
Year of publication 1994
942 ## - ADDED ENTRY ELEMENTS (KOHA)
Koha item type Books
Holdings
Withdrawn status Lost status Damaged status Not for loan Home library Current library Date acquired Cost, normal purchase price Full call number Accession Number Koha item type
        RRII Library RRII Library 16/12/2021 25.00 504 FUT 22110 Books